| 000 | 00516nam a2200169Ia 4500 | ||
|---|---|---|---|
| 008 | 150610s9999 xx 000 0 und d | ||
| 020 | _a0 440439884 | ||
| 050 |
_aPZ7 _b.O237 Is 1960 |
||
| 100 | _aO'Dell, Scott, 1898-1989 | ||
| 245 |
_aIsland of the Blue Dolphins / _cScott O'Dell. |
||
| 260 |
_aNew York : _bYearling Book, _c1960. |
||
| 300 |
_a184 pages ; _c20 cm. |
||
| 520 | _aJuvenile fiction. | ||
| 650 |
_aIndians of North America _xFiction. |
||
| 650 |
_aIslands _bFiction. |
||
| 650 |
_aSurvival _xFiction. |
||
| 999 |
_c288047 _d288047 |
||